| 000 | 00428nam a2200181Ia 4500 | ||
|---|---|---|---|
| 008 | 151202s9999||||xx |||||||||||||| ||und|| | ||
| 082 | _bPNVM-48880 | ||
| 100 | _aDixit M. S. | ||
| 245 | _aQueen of Jhansi. | ||
| 260 | _b"Karmaveer Prakashan, Pune." | ||
| 260 | _c2004 | ||
| 300 | _a16 | ||
| 600 | _aDixit M. S. | ||
| 630 | _aQueen of Jhansi. | ||
| 700 | _aDixit M. S. | ||
| 730 | _aQueen of Jhansi. | ||
| 942 | _cBOOK | ||
| 999 |
_c1314817 _d1314814 |
||